| 000 | 00334nam a22001337a 4500 | ||
|---|---|---|---|
| 008 | 250525b |||||||| |||| 00| 0 eng d | ||
| 020 | _a9789351248132 | ||
| 050 |
_aHD2075 _b.B39 |
||
| 100 | _aBamsil P.C. | ||
| 245 | _aAgricultural revolution in developing | ||
| 300 |
_a626 _bH/A |
||
| 650 | _aAgriculture- India- bBihar | ||
| 942 | _cBK | ||
| 999 |
_c3683 _d3683 |
||